000 00566nam a2200169 a 4500
001 000027772
003 DO-SdBNP
005 20250307092650.0
008 110404s2000 dr 000 0 spa d
040 _aDO-SdBNP
_bspa
_cBNPHU
082 _axxxx
_bxxxx
110 1 _aBanco Central de la República Dominicana
_bDepartamento de Cuentas Nacionales y Estadísticas Económicas
_954849
245 1 0 _aEstadísticas turísticas :
_benero-junio 2000.
260 _aSanto Domingo :
_bBanco Central,
_c2000.
300 _a92 p. ; :
_bil., gráf. ;
_c29 cm.
942 _2ddc
_cLBS1
999 _c27264
_d27264